LEADER 01132nam a2200253 4500 001 000000347561 003 CaOOAMICUS 005 20210916141254.0 008 210901s2000 it 000 u ita r 040 $aSeMil$bita 110 0 $aAssociazione canto popolare.$0(OLS)http://semarc/name/114541 245 13$aUn popolo e i suoi canti :$braccolta di canti popolari italiani /$cAssociazione canto popolare ; a cura di Tommaso Baviera. 264 1$aFirenze :$bStudio editoriale fiorentino,$c2000. 300 $aX, 628 p. ;$c15 cm 541 0 $aOmaggio card. Angelo Scola (3Q I 156) 650 4$aCanti popolari - Italia.$0(OLS)http://semarc/subject/25004 700 1 $aBaviera, Tommaso.$0(OLS)http://semarc/name/114542 850 $aSeMil 852 $aSeMil$W1$xVenegono$y1$m3Q I 156$j229073$B238630$CSeMilBibl$Z2$F238630 $81 941 1 $a6 961 $aOmaggio card. Angelo Scola 996 $6245$aUn popolo e i suoi canti :$braccolta di canti popolari italiani$9(OLS)http://semarc/title/436858 996 $6264$aFirenze :$bStudio editoriale fiorentino$9(OLS)http://semarc/publisher/45780 LEADER 00856nam a2200217 i 4500 001 000000072705 003 CaOOAMICUS 005 20130904000000.0 008 130904s1834 it u000 u ita u 013 $a43877 040 $aSeMil$bita 100 1 $aLomonaco, Francesco,$d<1772-1810>.$0(OLS)http://semarc/name/36028 245 10$aDiscorsi letterari e filosofici /$cdi Francesco Lomonaco ; aggiuntavi la risposta ad una critica anonima. 260 $aLugano :$bTipografia Ruggia e C.,$c1834. 300 $a518 p. ;$c18 cm. 850 $aSeMil 852 $aSeMil$W1$xVenegono$y1$m2Q II 70 FA$j38858$B38858$CSeMilBibl$Z2$F38861 $8I 941 1 $a10 961 $aRecupero: Mantegazza 996 $6245$aDiscorsi letterari e filosofici$9(OLS)http://semarc/title/117300 996 $6260$aLugano :$bTipografia Ruggia e C.$9(OLS)http://semarc/publisher/43056